EToH Areas - Statistics

General Stats
  • This quiz has been taken 34 times
    25 since last reset
  • The average score is 36 of 68
Answer Stats
Realm % Correct
Purgatorio
100%
Ring 1
100%
Ring 2
100%
Ring 3
100%
Ring 4
100%
Ring 5
100%
Ring 6
100%
Ring 7
100%
Ring 8
100%
Ring 9
100%
Zone 1
94%
Zone 10
94%
Zone 2
94%
Zone 3
94%
Zone 4
94%
Zone 5
94%
Zone 6
94%
Zone 7
94%
Zone 8
94%
Zone 9
94%
Arcane Area
88%
Ashen Towerworks
88%
Forgotten Ridge
88%
Event Realm
82%
Garden of Eeshöl
82%
Lost River
82%
Silent Abyss
82%
Steelspire Horizon
82%
The Starlit Archives
82%
The Void's Farewell
76%
Paradise Atoll
71%
Dark Side of the Moon
65%
The Final Stretch
65%
BIOUMS
53%
Pit of Misery
53%
The Doghouse
53%
Summit of Memories
47%
Borealis Reach
41%
Fool's Ring 9
41%
Temporal Time Machine
35%
T H I R S T Z O N E
35%
Something Otherworldly...
29%
Blend's Star System
24%
Mount Rad
24%
Terrain World
24%
Beggmuda Triangle
18%
Snowy Cabin
18%
Aeternitas
12%
Eclipsed Headquarters
12%
Glacial Outpost
12%
Gnome's World
12%
Harvest Carnival
12%
Saint Venoma
12%
Snowmetropolis
12%
Abyssal Badlands
6%
Easter Event 2025
6%
Forsaken Manor
6%
Frog's Leg Pot
6%
Halloween Event 2024
6%
Heccfire Depths
6%
Old Frosted Kingdom
6%
Summer Event 2021
6%
The Eternal Potluck
6%
The Great Centurial
6%
Windswept Peak
6%
Winter Event 2022
6%
Frigid Scrapyard
0%
The Nil Zone
0%
No matching quizzes found
Score Distribution
Percent of People with Each Score
Percentile by Number Answered
Your Score History
You have not taken this quiz since the last reset